000 00271nam a22001337a 4500
008 180306b xxu||||| |||| 00| 0 eng d
020 _a9780077518974
041 _aeng
080 _a573
100 _a11
101 _aBIO
245 _aBIO 10 O
_cBIO
942 _2udc
_cBK
999 _c44140
_d44140